Do outro lado tem segredos (Record no. 178856)

MARC details
000 -LÍDER
campo de controle de tamanho fixo 00376 a2200169 4500
001 - NÚMERO DE CONTROLE
campo de controle 178856
020 ## - ISBN - INTERNATIONAL STANDARD BOOK NUMBER
ISBN - International Standard Book Number
040 ## - FONTE DA CATALOGAÇÃO
Instituição que transcreveu o registro Magnum
100 ## - ENTRADA PRINCIPAL--NOME PESSOAL
Nome pessoal Machado, Ana Maria
240 10 - TÍTULO UNIFORME
Título uniforme Do outro lado tem segredos
Idioma da obra por
245 10 - TÍTULO
Título Do outro lado tem segredos
300 ## - DESCRIÇÃO FÍSICA
Extensão 51
362 0# - DATAS DE PUBLICAÇÃO E/OU DESIGNAÇÃO SEQUENCIAL
Datas de publicação e/ou designação sequencial 1985
440 #1 - DECLARAÇÃO DE SÉRIE/ENTRADA ADICIONADA--TÍTULO
Título Nova Fronteira
697 ## - ENTRADA DE ASSUNTO LOCAL--ENTIDADE COLETIVA (RLIN)
Nome corporativo ou nome da jurisdição LITERATURA INFANTO-JUVENIL
942 ## - ELEMENTOS DE ENTRADA ADICIONADOS (KOHA)
Tipo de material Koha Livros
Holdings
Situação do descarte Situação das perdas Situação física Não pode ser emprestado Biblioteca de origem Biblioteca atual Data de aquisição Total de empréstimos Número de chamada completo Código de barras Data de último acesso Data do preço efetivo Tipo de material Koha Fonte da classificação ou esquema de arquivamento na estante Número do exemplar
        Magnum Magnum 08/06/2024   869.2.684 MAG00028541 08/06/2024 08/06/2024 Livros    
        Portinari - Salvador Portinari - Salvador 12/08/2024   028.5 M149d 4829/CCP 12/08/2024 12/08/2024 Livros   Ex. 1